000 00683nam a2200217Ii 4500
003 JO-AjNU
008 230605s9999||||xx |||||||||||||| ||und||
017 _a2009/7/3298
040 _aJO-AjNU
_bara
_erda
_cJO-AjNU
041 _aara
050 1 4 _aPJ7962.A55.K85 2009
100 3 _aالسمهوري، محمد,
_eauthor
_957497
245 0 0 _aكل شيء هنالك
250 _aط1
264 3 1 _aعمان: دروب للنشر والتوزيع،2009
300 _a96ص
_bيحتوي على صور
336 _atext
_btxt
_2rdacontent
337 _aunmediated
_bn
_2rdamedia
338 _avolume
_bnc
_2rdacarrier
650 4 _aقصص عربية-العصلر الحديث
_957498
999 _aA25771
_c29339
_d29339